<?xml version="1.0" encoding="UTF-8"?>
<marc:record xmlns:marc="http://www.loc.gov/MARC21/slim">
   <marc:leader>00000nam a2200000 a 4500</marc:leader>
   <marc:datafield ind1="1" ind2=" " tag="100">
      <marc:subfield code="a">Hauer-King, Jonah</marc:subfield>
   </marc:datafield>
   <marc:datafield ind1="1" ind2=" " tag="100">
      <marc:subfield code="a">McCarthy, Melissa</marc:subfield>
   </marc:datafield>
   <marc:datafield ind1="1" ind2=" " tag="100">
      <marc:subfield code="a">Bailey, Halle</marc:subfield>
   </marc:datafield>
   <marc:datafield ind1="1" ind2=" " tag="100">
      <marc:subfield code="a">Marshall, Rob</marc:subfield>
   </marc:datafield>
   <marc:datafield ind1="0" ind2="0" tag="245">
      <marc:subfield code="a">Arielle, die Meerjungfrau [Bildtonträger]</marc:subfield>
   </marc:datafield>
   <marc:datafield ind1="0" ind2="0" tag="245">
      <marc:subfield code="c">Disney, Walt</marc:subfield>
   </marc:datafield>
   <marc:datafield ind1=" " ind2="1" tag="264">
      <marc:subfield code="a">München</marc:subfield>
      <marc:subfield code="b">Walt Disney</marc:subfield>
      <marc:subfield code="c">2023</marc:subfield>
   </marc:datafield>
   <marc:datafield ind1="1" ind2=" " tag="490">
      <marc:subfield code="a">Disney</marc:subfield>
   </marc:datafield>
   <marc:datafield ind1="1" ind2=" " tag="520">
      <marc:subfield code="a">ARIELLE, DIE MEERJUNGFRAU erzählt die weltweit beliebte Geschichte einer temperamentvollen und neugierigen Meerjungfrau mit grenzenloser Sehnsucht nach Abenteuern. Arielle, die jüngste und eigenwilligste Tochter von König Triton sehnt sich danach, mehr über die weite Welt jenseits des Meeres zu erfahren und verliebt sich bei einem Besuch an der Oberfläche in den attraktiven Prinz Erik. Obwohl Meerjungfrauen der Umgang mit Menschen verboten ist, kann Arielle nicht anders als ihrem Herzen zu folgen und geht einen Pakt mit der hinterlistigen Meerhexe Ursula ein. Dieser gibt ihr zwar die Chance, endlich die Welt an Land kennenzulernen, bringt aber letztlich ihr Leben &#x96; und die Krone ihres Vaters &#x96; in Gefahr.</marc:subfield>
   </marc:datafield>
   <marc:datafield ind1=" " ind2=" " tag="020">
      <marc:subfield code="a">8717418616472</marc:subfield>
      <marc:subfield code="9">8717418616472</marc:subfield>
   </marc:datafield>
   <marc:datafield ind1=" " ind2=" " tag="041">
      <marc:subfield code="a">ger</marc:subfield>
   </marc:datafield>
   <marc:datafield ind1=" " ind2=" " tag="500">
      <marc:subfield code="a">Orig.: USA 2023. Sprache: Deutsch (Dolby Digital 5.1), Englisch (Dolby Digital 5.1), Französisch (Dolby Digital 5.1), Niederländisch (Dolby Digital 5.1). Untertitel: Deutsch, Englisch (für Hörgeschädigte), Französisch, Niederländisch</marc:subfield>
   </marc:datafield>
   <marc:datafield ind1="0" ind2=" " tag="490">
      <marc:subfield code="v">0</marc:subfield>
   </marc:datafield>
   <marc:datafield ind1="1" ind2=" " tag="521">
      <marc:subfield code="a">FSK ab 6 freigegeben</marc:subfield>
   </marc:datafield>
   <marc:datafield ind1="1" ind2=" " tag="521">
      <marc:subfield code="a">6</marc:subfield>
   </marc:datafield>
   <marc:datafield ind1=" " ind2=" " tag="338">
      <marc:subfield code="a">Videodisk</marc:subfield>
   </marc:datafield>
   <marc:datafield ind1=" " ind2=" " tag="300">
      <marc:subfield code="a">zirka 130 Minuten</marc:subfield>
   </marc:datafield>
</marc:record>
